[Event "11th European Senior"]
[Site "Courmayeur ITA"]
[Date "2011.04.14"]
[Round "9.5"]
[White "Chernikov, Oleg L"]
[Black "Werner, Clemens"]
[Result "1/2-1/2"]
[WhiteTitle "GM"]
[BlackTitle "FM"]
[WhiteElo "2438"]
[BlackElo "2353"]
[WhiteFideId "4103289"]
[BlackFideId "4604636"]
[EventDate "2011.04.06"]

1. Nf3 Nf6 2. b3 g6 3. Bb2 Bg7 4. g3 b6 5. Bg2 Bb7 6. O-O O-O 7. d4 c5 8. e3 Qc7
9. Na3 d6 10. c4 a6 11. Rc1 e6 12. Nc2 Nbd7 13. Qe2 Rfd8 14. Rfd1 Be4 15. Nd2
Bxg2 16. Kxg2 Qb7+ 17. Qf3 Qxf3+ 18. Nxf3 Ne8 19. e4 b5 1/2-1/2

[Event "11th European Senior"]
[Site "Courmayeur ITA"]
[Date "2011.04.14"]
[Round "9.6"]
[White "Tseitlin, Mark D"]
[Black "Gruzmann, Boris"]
[Result "1-0"]
[WhiteTitle "GM"]
[BlackTitle "FM"]
[WhiteElo "2420"]
[BlackElo "2281"]
[WhiteFideId "2800128"]
[BlackFideId "4105290"]
[EventDate "2011.04.06"]

1. e4 e5 2. Nf3 Nc6 3. Bb5 a6 4. Ba4 d6 5. d4 Bd7 6. c4 Nf6 7. d5 Nb8 8. Bc2 Bg4
9. h3 Bxf3 10. Qxf3 Be7 11. Nc3 O-O 12. g4 c6 13. h4 b5 14. g5 Ne8 15. Bd3 Nc7
16. Qg4 Qc8 17. Qxc8 Rxc8 18. cxb5 Nxb5 19. Nxb5 cxb5 20. Be3 Nd7 21. b4 Bd8 22.
a4 bxa4 23. Rxa4 a5 24. Bb5 Nb6 25. Bxb6 Bxb6 26. Bc6 Ra7 27. b5 f6 28. f4 exf4
29. Ke2 fxg5 30. hxg5 f3+ 31. Kxf3 Rf8+ 32. Kg4 Raf7 33. e5 dxe5 34. d6 Rf4+ 35.
Rxf4 Rxf4+ 36. Kg3 Rd4 37. d7 a4 38. Kf3 g6 39. Re1 Bc7 40. Rc1 Bd8 41. Rc5 Rf4+
42. Ke2 Kg7 43. Rxe5 a3 44. Re8 a2 45. Bd5 Rf7 46. Bxa2 1-0

[Event "11th European Senior"]
[Site "Courmayeur ITA"]
[Date "2011.04.14"]
[Round "9.7"]
[White "Butnorius, Algimantas"]
[Black "Strutinskaya, Galina N"]
[Result "1-0"]
[WhiteTitle "GM"]
[BlackTitle "WIM"]
[WhiteElo "2388"]
[BlackElo "2269"]
[WhiteFideId "12800066"]
[BlackFideId "4108558"]
[EventDate "2011.04.06"]

1. Nf3 e6 2. c4 c5 3. g3 Nf6 4. Bg2 d5 5. cxd5 Nxd5 6. O-O Be7 7. Nc3 O-O 8. d4
Nc6 9. e4 Nxc3 10. bxc3 cxd4 11. cxd4 b6 12. Bb2 Ba6 13. Re1 Na5 14. d5 exd5 15.
exd5 Bf6 16. Bxf6 Qxf6 17. Qa4 Qd6 18. Rad1 Rac8 19. Ne5 Bb7 20. Nc6 Bxc6 21.
dxc6 Qf6 22. Qa3 g6 23. h4 Rfd8 24. Rxd8+ Qxd8 25. Qc3 Qd6 26. Rc1 Rc7 27. h5 f6
28. h6 Kf8 29. Bf3 Kf7 30. Kg2 Qe6 31. Qd2 Qc8 32. Qd6 Re7 33. Bd5+ Ke8 34. Qxf6 1-0

[Event "11th European Senior"]
[Site "Courmayeur ITA"]
[Date "2011.04.14"]
[Round "9.9"]
[White "Jackson, Oliver A"]
[Black "Mishuchkov, Nikolai M."]
[Result "0-1"]
[BlackTitle "FM"]
[WhiteElo "2186"]
[BlackElo "2408"]
[WhiteFideId "403156"]
[BlackFideId "4102401"]
[EventDate "2011.04.06"]

1. e4 c5 2. Nc3 e6 3. f4 d5 4. Nf3 dxe4 5. Nxe4 Nf6 6. Nxf6+ Qxf6 7. g3 Bd6 8.
Bg2 Bd7 9. Qe2 Bc6 10. Ne5 Bxe5 11. fxe5 Qf5 12. d4 Bxg2 13. Qxg2 Nc6 14. g4 Qg6
15. dxc5 h5 16. Bf4 O-O-O 17. O-O hxg4 18. c3 Rd3 19. Rac1 Qf5 20. b4 Nxe5 21.
Bxe5 Qxe5 22. c6 Rxh2 23. cxb7+ Kb8 24. Qxh2 Rg3+ 25. Qxg3 Qxg3+ 26. Kh1 Qh3+
27. Kg1 Qe3+ 28. Kg2 Qd2+ 29. Kg3 f5 30. c4 Qe3+ 31. Kg2 f4 32. Rfd1 Qe2+ 33.
Kg1 f3 0-1

[Event "11th European Senior"]
[Site "Courmayeur ITA"]
[Date "2011.04.14"]
[Round "9.11"]
[White "Norman, Kenneth I"]
[Black "Fatalibekova, Elena"]
[Result "1/2-1/2"]
[WhiteTitle "CM"]
[BlackTitle "WGM"]
[WhiteElo "2172"]
[BlackElo "2282"]
[WhiteFideId "402419"]
[BlackFideId "4106792"]
[EventDate "2011.04.06"]

1. Nf3 Nf6 2. c4 g6 3. g3 Bg7 4. Bg2 d5 5. cxd5 Nxd5 6. d4 O-O 7. O-O Nb6 8. Nc3
Nc6 9. e3 a5 10. d5 Nb4 11. e4 c6 12. a3 Na6 13. dxc6 bxc6 14. Qc2 Bg4 15. Na4
Nxa4 16. Qxa4 c5 17. Be3 Bxb2 18. Rab1 Bg7 19. Rfc1 Bd7 20. Qc4 Be6 21. Qa4 Bd7
22. Qc4 Qc7 23. Bf4 e5 24. Be3 h6 25. Nh4 Kh7 26. h3 Be6 27. Qa4 c4 28. Bb6 Qc8
29. Kh2 Nc5 30. Qc2 Nd3 31. Rd1 Qa6 32. Bf1 Rab8 33. Be3 Rxb1 34. Rxb1 Rd8 35.
Rb6 Qc8 36. Qc3 a4 37. Qc2 Qa8 38. Rxe6 fxe6 39. Qxc4 Nb2 40. Qxe6 Qxe4 41. Bg2
Qd3 42. Qc6 Rd6 43. Qb7 Nd1 44. Be4 Qa6 45. Qb1 Nxe3 46. Nxg6 Rxg6 47. fxe3 Bf8
48. Qc2 Qd6 49. h4 Kg7 50. Bxg6 Qxg6 51. Qc7+ Kg8 52. Qc4+ Qf7 53. Qxa4 h5 54.
Qe4 Qf2+ 55. Kh3 Qf1+ 56. Kh2 Qe2+ 57. Kh3 Qf1+ 58. Kh2 Qf2+ 59. Kh3 Qf1+ 1/2-1/2

[Event "11th European Senior"]
[Site "Courmayeur ITA"]
[Date "2011.04.14"]
[Round "9.12"]
[White "Van Oosten, Arend"]
[Black "Lederman, Leon"]
[Result "0-1"]
[BlackTitle "IM"]
[WhiteElo "2170"]
[BlackElo "2266"]
[WhiteFideId "1006053"]
[BlackFideId "2800403"]
[EventDate "2011.04.06"]

1. e4 c5 2. Nc3 Nc6 3. g3 g6 4. Bg2 Bg7 5. d3 e6 6. Be3 d6 7. Qd2 Rb8 8. Nge2
Nd4 9. Bxd4 cxd4 10. Nb5 Qb6 11. Qb4 Ke7 12. a3 e5 13. c4 a6 0-1

[Event "11th European Senior"]
[Site "Courmayeur ITA"]
[Date "2011.04.14"]
[Round "9.13"]
[White "Kierzek, Matthias, Dr."]
[Black "Estrada Martinez, Cesar"]
[Result "1-0"]
[WhiteElo "2135"]
[BlackElo "2193"]
[WhiteFideId "4647009"]
[BlackFideId "2210649"]
[EventDate "2011.04.06"]

1. d4 d5 2. c4 c6 3. Nf3 Nf6 4. Nc3 g6 5. cxd5 cxd5 6. Bf4 Nc6 7. e3 Bg4 8. Be2
Bg7 9. h3 Bxf3 10. Bxf3 O-O 11. O-O e6 12. Qd2 a6 13. Rfd1 Qe7 14. Rac1 Rac8 15.
Na4 Nd7 16. Bh2 Rfd8 17. Nc5 Nxc5 18. Rxc5 b6 19. Rc3 Qb7 20. Rdc1 Bf8 21. a3
Na7 22. Rc7 Qa8 23. Be2 Nb5 24. Bxb5 axb5 25. Qc2 Rb8 26. Be5 Bd6 27. Bxd6 Rxd6
28. Rxf7 Kxf7 29. Qc7+ Kf6 30. Qxd6 Rc8 31. Qe5+ Kf7 32. Rc7+ Rxc7 33. Qxc7+ Kf6
34. Qxb6 Qa4 35. Qc5 Kf7 36. Kh2 Qb3 37. Qc3 Qd1 38. Qc7+ Kf6 39. Qb8 1-0

[Event "11th European Senior"]
[Site "Courmayeur ITA"]
[Date "2011.04.14"]
[Round "9.15"]
[White "Nickl, Klaus"]
[Black "Serra Olives, Tomas"]
[Result "1-0"]
[BlackTitle "FM"]
[WhiteElo "2140"]
[BlackElo "2208"]
[WhiteFideId "1601024"]
[BlackFideId "2203774"]
[EventDate "2011.04.06"]

1. d4 Nf6 2. Bg5 c6 3. Nc3 d5 4. f3 Nbd7 5. e4 dxe4 6. fxe4 h6 7. Bh4 Qa5 8. Bd3
g5 9. Bf2 e5 10. a3 exd4 11. Bxd4 c5 12. Bxf6 Nxf6 13. e5 Nd7 14. e6 fxe6 15.
Qh5+ Kd8 16. O-O-O a6 17. Qf7 Kc7 18. Qxe6 Kb8 19. Bf5 Bg7 20. Nge2 Nb6 21. Qd6+
Ka7 22. Be4 Nc4 23. Qe7 Bxc3 24. Nxc3 Rb8 25. Rd5 Ne3 26. Qxc5+ Qxc5 27. Rxc5
Re8 28. h3 Rf8 29. Re1 Nf1 30. Rc7 Ng3 31. Bd5 Rf2 32. Ree7 Rf8 33. a4 Nf5 34.
Rh7 Kb6 35. b4 a5 36. bxa5+ Kxa5 37. Kb2 Rf6 38. Rh8 Nd6 39. Ne4 Nxe4 40. Bxe4
Rf4 41. Bf3 b5 42. Rhxc8 Rb6 43. Ra8+ 1-0

[Event "11th European Senior"]
[Site "Courmayeur ITA"]
[Date "2011.04.14"]
[Round "9.16"]
[White "Colombo, Paolo"]
[Black "Khmiadashvili, Tamar"]
[Result "0-1"]
[BlackTitle "WGM"]
[WhiteElo "2130"]
[BlackElo "2194"]
[WhiteFideId "802379"]
[BlackFideId "13600346"]
[EventDate "2011.04.06"]

1. Nf3 Nf6 2. d4 e6 3. e3 b6 4. Bd3 Bb7 5. Nbd2 d5 6. O-O Ne4 7. Ne5 Qh4 8. f3
Nd6 9. e4 Nd7 10. g3 Qh3 11. exd5 exd5 12. Re1 O-O-O 13. Nb3 Nxe5 14. dxe5 Nc4
15. Nd4 Bc5 16. c3 Rde8 17. Kh1 g6 18. f4 Bxd4 19. cxd4 Qe6 20. Re2 h5 21. b3
Na5 22. Rc2 Kb8 23. Ba3 c5 24. Kg1 c4 25. Bf1 Rc8 26. b4 Nc6 27. b5 Ne7 28. Bd6+
Ka8 29. a4 Rcd8 30. a5 Rxd6 31. exd6 Qxd6 32. a6 Bc8 33. Bg2 Kb8 34. Qe2 f6 35.
Qf3 Bg4 36. Qe3 Rc8 37. Re1 Nf5 38. Qc3 Ng7 39. h3 Bd7 40. Rb2 Nf5 41. Rbe2 h4
42. g4 Ng3 43. Re7 f5 44. R1e5 Ne4 45. Bxe4 fxe4 46. Rf7 Rd8 47. Qe1 Kc8 48.
Qxh4 c3 49. Qe1 Qa3 50. Rxd5 c2 51. Rdxd7 Rxd7 0-1

[Event "11th European Senior"]
[Site "Courmayeur ITA"]
[Date "2011.04.14"]
[Round "9.19"]
[White "Zhelesny, Stanislav"]
[Black "Elfert, Aleksandr V."]
[Result "1-0"]
[WhiteTitle "FM"]
[BlackTitle "IM"]
[WhiteElo "2172"]
[BlackElo "2039"]
[WhiteFideId "4115244"]
[BlackFideId "4121325"]
[EventDate "2011.04.06"]

1. d4 Nf6 2. c4 e6 3. g3 Bb4+ 4. Nd2 Ne4 5. Bg2 f5 6. Nf3 c5 7. O-O O-O 8. Nxe4
fxe4 9. Ng5 d5 10. a3 Ba5 11. dxc5 Nc6 12. h4 Bc7 13. Bh3 Rf6 14. Bg2 Be5 15.
Rb1 Kh8 16. b4 Qg8 17. Nh3 h6 18. e3 Qf7 19. Nf4 g5 20. hxg5 hxg5 21. Qh5+ Kg8
22. Qxg5+ Kf8 23. Bb2 Bxb2 24. Rxb2 Ne7 25. Rd2 Bd7 26. cxd5 exd5 27. Nxd5 Nxd5
28. Rxd5 Be6 29. Rd6 Ke7 30. Rfd1 Rg8 31. Qe5 Kf8 32. Rd8+ Kg7 33. Rxg8+ Kxg8
34. Rd8+ Kg7 35. Bxe4 Bc4 36. Qg5+ Rg6 37. Bxg6 1-0

[Event "11th European Senior"]
[Site "Courmayeur ITA"]
[Date "2011.04.14"]
[Round "9.20"]
[White "Miednikova, Swietlana"]
[Black "Bisignano, Giuseppe"]
[Result "1/2-1/2"]
[WhiteTitle "WFM"]
[WhiteElo "2169"]
[BlackElo "1938"]
[WhiteFideId "4109961"]
[BlackFideId "812358"]
[EventDate "2011.04.06"]

1. e4 e5 2. Nf3 Nc6 3. Bc4 Nf6 4. d3 Bc5 5. O-O d6 6. c3 Bg4 7. h3 Bxf3 8. Qxf3
Qd7 9. a4 a5 10. Bg5 O-O-O 11. Bxf6 gxf6 12. Qxf6 Rdf8 13. Nd2 Rhg8 14. Kh2 Ne7
15. Nb3 Bb6 16. d4 Rg6 17. Qf3 f5 18. Rad1 Qe8 19. Bb5 c6 20. Be2 fxe4 21. Qxe4
Rf4 22. Qc2 Qd8 23. g3 Rff6 24. Nd2 Kb8 25. Ne4 Rf8 26. dxe5 dxe5 27. b4 Nd5 28.
bxa5 Bxf2 29. Rxd5 Bxg3+ 30. Nxg3 cxd5 31. Rxf8 Qxf8 32. Bg4 e4 33. Qd2 Qd6 34.
Kg2 Qe5 35. Qd4 Qxd4 36. cxd4 Rc6 37. Ne2 Kc7 38. Kf2 Rc4 39. Bf5 h6 40. Ke3
Rxa4 41. Kf4 Kd6 42. Bc8 Rxa5 43. Ng3 b5 44. Nf5+ Kc7 45. Be6 b4 46. Ng3 Kd6 47.
Bg8 b3 48. Nxe4+ dxe4 49. Bxb3 e3 50. Bd1 Ra3 51. Bf3 e2 52. Bxe2 Kd5 53. h4
Kxd4 54. Kf5 Rg3 55. Bb5 Rb3 56. Bd7 Rb6 57. Be6 Rb7 58. Kf4 Re7 59. Bf5 Re5 60.
Bg6 1/2-1/2

[Event "11th European Senior"]
[Site "Courmayeur ITA"]
[Date "2011.04.14"]
[Round "9.21"]
[White "Barlocco, Carlo"]
[Black "Kierzek, Mira"]
[Result "1-0"]
[WhiteTitle "FM"]
[BlackTitle "WFM"]
[WhiteElo "2162"]
[BlackElo "2044"]
[WhiteFideId "802450"]
[BlackFideId "15002110"]
[EventDate "2011.04.06"]

1. b3 Nf6 2. Bb2 e6 3. e3 d5 4. d4 Be7 5. Nf3 O-O 6. Bd3 c5 7. Nbd2 Nc6 8. O-O
cxd4 9. exd4 Nb4 10. Be2 a6 11. c4 Rb8 12. Ne5 Bd7 13. Ndf3 Be8 14. a3 Nc6 15.
Rc1 Ne4 16. Qc2 h6 17. b4 Nxe5 18. Nxe5 Nf6 19. c5 Qc7 20. a4 Ne4 21. f3 Nf6 22.
b5 axb5 23. axb5 Nd7 24. Nxd7 Bxd7 25. Bc3 Qf4 26. Qd3 Bg5 27. Rc2 Rfc8 28. Bd2
Qh4 29. g3 Qh3 30. Bxg5 hxg5 31. Rfc1 e5 32. Bf1 Qf5 33. c6 Be6 34. dxe5 Qxe5
35. g4 Qf4 36. Be2 bxc6 37. Rxc6 Re8 38. R6c2 Bd7 39. Rb1 d4 40. Rd2 Bc8 41. Rb4
Qe3+ 42. Kf1 Bb7 43. Rxd4 Qe5 44. Kg2 Ba8 45. Rd6 Qf4 46. Rd4 Qf6 47. Bd1 Qe6
48. Bb3 Qf6 49. Rd7 Rf8 50. Bd5 Bxd5 51. Qxd5 Qb6 52. Rb2 Qf6 53. Qd4 Qxd4 54.
Rxd4 Rb6 55. Rd5 f6 56. Kf2 Re8 57. Rc2 Ra8 58. Rc6 Ra2+ 59. Kg3 Rb7 60. b6 Rb2
61. Rdd6 Kh7 62. h4 gxh4+ 63. Kxh4 Rh2+ 64. Kg3 Rb2 65. Kf4 Rb5 66. Ke4 Rb3 67.
f4 Rb4+ 68. Kf5 Rb8 69. g5 Rb5+ 70. Ke6 fxg5 71. Kd7 gxf4 72. Kc7 Rf8 73. Rc2 f3
74. Rh2+ Kg8 75. Rf2 g5 76. Kc6 Re5 77. b7 Kg7 78. Rxf3 Rfe8 79. Rb3 Rb8 80. Kc7
Ree8 81. Rb5 Rf8 82. Rxg5+ Kh7 83. Rgd5 Rbe8 84. Rd8 1-0

[Event "11th European Senior"]
[Site "Courmayeur ITA"]
[Date "2011.04.14"]
[Round "9.22"]
[White "Bayer, Wolfgang"]
[Black "Kratschmer, Heinz"]
[Result "0-1"]
[WhiteElo "2073"]
[BlackElo "2161"]
[WhiteFideId "24629251"]
[BlackFideId "1606670"]
[EventDate "2011.04.06"]

1. c4 Nf6 2. g3 e5 3. Bg2 d5 4. cxd5 Nxd5 5. Nc3 Nb6 6. Nf3 Nc6 7. O-O Be7 8. d3
O-O 9. a3 Re8 10. Be3 Bf8 11. Rc1 Nd4 12. Re1 c6 13. Ne4 Bg4 14. Bxd4 exd4 15.
h3 Be6 16. Nc5 Bxc5 17. Rxc5 Qf6 18. Nd2 Qe7 19. Rc1 Rad8 20. Kh2 Bd5 21. Nf3
Qf6 22. Qd2 h6 23. Qa5 Nc8 24. Qb4 b6 25. Qd2 Nd6 26. Qf4 Qxf4 27. gxf4 Nf5 28.
b4 f6 29. Rc2 Re6 30. Rec1 Rde8 31. Ng1 Bxg2 32. Kxg2 Ne7 33. Kf1 Rd6 34. Rc4
Kf7 35. Nf3 Red8 36. Nd2 Rd5 37. Nf3 Ke6 38. Ne1 Rf5 39. Ng2 Rh5 40. h4 g5 41.
fxg5 hxg5 42. f3 Ke5 43. hxg5 fxg5 44. e4 Rf8 45. Ke2 Rh2 46. Rg1 Rf6 47. Rc2
Ng6 48. Kf2 Rh3 49. Ne1 Rh2+ 50. Kg3 Rxc2 51. Nxc2 Nf4 52. Rd1 Ne2+ 53. Kf2 Rh6
54. Kg2 c5 55. Rd2 Nf4+ 56. Kg1 Rh3 57. Ne1 Rg3+ 58. Kh2 Nh5 59. bxc5 bxc5 60.
Rc2 Kf4 61. Rxc5 Ke3 62. Rc2 Rxf3 63. Nxf3 Kxf3 64. e5 Nf4 65. Rc6 g4 66. e6 g3+
67. Kh1 g2+ 68. Kh2 Ne2 69. Rc1 Nxc1 70. e7 Ne2 71. e8=Q g1=Q+ 0-1

[Event "11th European Senior"]
[Site "Courmayeur ITA"]
[Date "2011.04.14"]
[Round "9.25"]
[White "Laco, Giuseppe"]
[Black "Pipitone, Antonio"]
[Result "1-0"]
[WhiteElo "2128"]
[BlackElo "2012"]
[WhiteFideId "800880"]
[BlackFideId "804541"]
[EventDate "2011.04.06"]

1. c4 Nf6 2. b3 d6 3. g3 e5 4. Bg2 g6 5. Bb2 Bg7 6. d4 exd4 7. Bxd4 Nc6 8. Bc3
O-O 9. Nh3 Re8 10. O-O Bf5 11. f3 Qd7 12. Nf2 Qe7 13. e4 Bd7 14. Nd2 Nh5 15.
Bxg7 Nxg7 16. Re1 Qe5 17. Nf1 Qd4 18. Ne3 Be6 19. Nd5 Bxd5 20. cxd5 Qxd1 21.
Rexd1 Nd8 22. Ng4 Re7 23. Nf6+ Kh8 24. Rac1 a5 25. Rc2 a4 26. b4 a3 27. b5 b6
28. Rdc1 Ra7 29. g4 h6 30. h4 g5 31. hxg5 hxg5 32. Kf2 Ne8 33. Nxe8 Rxe8 34.
Rxc7 Ra4 35. R1c3 Rb4 36. Rxa3 Rxb5 37. Ra8 Ra5 38. Rxa5 bxa5 39. Ra7 Kg7 40.
Rd7 Kf6 41. Rxd6+ Ke5 42. Rd7 Kd4 43. Ra7 f6 44. Bf1 Rf8 45. Rxa5 Nf7 46. Ra4+
Ke5 47. Ke3 Rc8 48. Bd3 Rc3 49. Ra7 Nd8 50. Rd7 Rc8 51. a4 Rb8 52. a5 Nb7 53.
Re7+ Kd6 54. Re6+ Kd7 55. Rb6 Kc7 56. Rc6+ Kd7 57. a6 Nd6 58. Kd4 Rb3 59. a7
Rb4+ 60. Kc5 Ra4 1-0

[Event "11th European Senior"]
[Site "Courmayeur ITA"]
[Date "2011.04.14"]
[Round "9.26"]
[White "Antonelli, Fabrizio"]
[Black "Gousseinov, Aguif"]
[Result "0-1"]
[WhiteElo "2100"]
[BlackElo "1979"]
[WhiteFideId "815101"]
[BlackFideId "612480"]
[EventDate "2011.04.06"]

1. e4 e5 2. Nf3 Nf6 3. Nxe5 d6 4. Nf3 Nxe4 5. d4 d5 6. Bd3 Nc6 7. O-O Be7 8. Nc3
Nf6 9. h3 Nb4 10. Bb5+ c6 11. Ba4 O-O 12. a3 Na6 13. b4 b5 14. Bb3 Nc7 15. Ne5
Bb7 16. Bd2 Ne6 17. Ne2 Ne4 18. c3 f6 19. Ng4 Bd6 20. f3 Nxd2 21. Qxd2 Re8 22.
f4 Rc8 23. Bc2 Rc7 24. Rae1 Bc8 25. Qd3 Nf8 26. Ne3 Rce7 27. Rf3 Qc7 28. Qd2 Ng6
29. Bxg6 hxg6 30. Ref1 Re4 31. R1f2 Qe7 0-1

[Event "11th European Senior"]
[Site "Courmayeur ITA"]
[Date "2011.04.14"]
[Round "9.29"]
[White "Gardi, Giuseppe"]
[Black "Papa, Angelo"]
[Result "1/2-1/2"]
[WhiteElo "2061"]
[BlackElo "1866"]
[WhiteFideId "811211"]
[BlackFideId "812285"]
[EventDate "2011.04.06"]

1. d4 g6 2. c4 Bg7 3. Nc3 d6 4. e4 Nf6 5. f4 O-O 6. Nf3 c5 7. d5 b5 8. cxb5 a6
9. Bd2 axb5 10. Bxb5 Ba6 11. Qe2 Bxb5 12. Nxb5 Na6 13. O-O Qb6 14. a4 Nb4 15.
Kh1 Nd7 1/2-1/2

[Event "11th European Senior"]
[Site "Courmayeur ITA"]
[Date "2011.04.14"]
[Round "9.30"]
[White "Capece, Adolivio"]
[Black "Beltrami, Nerio"]
[Result "1-0"]
[WhiteElo "2049"]
[BlackElo "1956"]
[WhiteFideId "807664"]
[BlackFideId "816191"]
[EventDate "2011.04.06"]

1. c4 Nf6 2. Nc3 g6 3. g3 Bg7 4. Bg2 d6 5. d3 O-O 6. Bg5 Nbd7 7. Qd2 Re8 8. Bh6
Bh8 9. h4 Ng4 10. h5 Nxh6 11. hxg6 Bg7 12. Rxh6 Bxh6 13. gxf7+ Kg7 14. fxe8=Q
Qxe8 15. e3 Ne5 16. Nf3 Qh5 17. Nxe5 dxe5 18. Qe2 Bg4 19. f3 Bh3 20. Kd2 Bxg2
21. Qxg2 Rd8 22. Ne4 Qg6 23. Qe2 Qb6 24. b3 Qb4+ 25. Kc2 b5 26. g4 bxc4 27. dxc4
Kg8 28. g5 Bg7 29. Rh1 Qb6 30. Rd1 c6 31. Rxd8+ Qxd8 32. Qd1 Qc8 33. Kb2 Qf5 34.
b4 Kf7 35. b5 Qe6 36. bxc6 Qxc4 37. Qb3 Qxb3+ 38. Kxb3 Ke8 39. Nc5 1-0

[Event "11th European Senior"]
[Site "Courmayeur ITA"]
[Date "2011.04.14"]
[Round "9.31"]
[White "Catalfamo, Santo"]
[Black "Giani, Franco"]
[Result "1-0"]
[WhiteElo "1918"]
[BlackElo "1960"]
[WhiteFideId "866547"]
[BlackFideId "811238"]
[EventDate "2011.04.06"]

1. e4 c5 2. Nf3 d6 3. Bc4 e6 4. O-O Nf6 5. Nc3 Be7 6. d4 cxd4 7. Nxd4 O-O 8. f4
a6 9. Be3 b5 10. Bd3 Bb7 11. e5 Nd5 12. Nxd5 Bxd5 13. Qh5 g6 14. Qg4 Bc4 15.
Bxc4 bxc4 16. Qf3 d5 17. f5 exf5 18. Nxf5 gxf5 19. Qxf5 Qd7 20. Qh5 Qe6 21. Rf3
Nd7 22. Rh3 Qg6 23. Rg3 Nxe5 24. Qxe5 1-0

[Event "11th European Senior"]
[Site "Courmayeur ITA"]
[Date "2011.04.14"]
[Round "9.33"]
[White "Levinsky, Gregory"]
[Black "Squarci, Franco"]
[Result "1-0"]
[WhiteElo "2026"]
[BlackElo "1777"]
[WhiteFideId "2805561"]
[BlackFideId "809110"]
[EventDate "2011.04.06"]

1. e4 g6 2. d4 Bg7 3. Nc3 c6 4. Nf3 Nf6 5. e5 Nd5 6. Ne4 O-O 7. Bg5 f6 8. Bd2 f5
9. Nc5 b6 10. Nd3 Ba6 11. b3 d6 12. c4 Nc7 13. h4 Ne6 14. Qc1 Nd7 15. h5 dxe5
16. hxg6 hxg6 17. Bh6 f4 18. Bxg7 Kxg7 19. dxe5 c5 20. g3 Bb7 21. Be2 Rh8 22.
Rg1 Nd4 23. Nxd4 cxd4 24. Nxf4 Nc5 25. Qd2 Be4 26. O-O-O Qd7 27. f3 d3 28. fxe4
dxe2 29. Qxd7 Nxd7 30. Rxd7 Rh2 31. Re1 g5 32. Nxe2 Rc8 33. Rxe7+ Kg6 34. Kd2
Rd8+ 35. Ke3 a6 36. Re6+ Kh5 1-0

[Event "11th European Senior"]
[Site "Courmayeur ITA"]
[Date "2011.04.14"]
[Round "9.34"]
[White "Acunzo, Domenico"]
[Black "Sevenyuk, Alexey"]
[Result "1/2-1/2"]
[WhiteElo "1769"]
[BlackElo "1932"]
[WhiteFideId "825751"]
[BlackFideId "13504606"]
[EventDate "2011.04.06"]

1. e4 c5 2. Nf3 d6 3. Be2 Nc6 4. c3 Nf6 5. d4 Nxe4 6. d5 Nb8 7. Qa4+ Bd7 8. Qxe4
g6 9. O-O Bg7 10. Rd1 O-O 11. Nbd2 b5 12. Nf1 Na6 13. a4 Nc7 14. axb5 Nxb5 15.
Bxb5 Bxb5 16. Ng3 Bd7 17. Bg5 f6 18. Bc1 Re8 19. h4 e5 20. dxe6 Bxe6 21. Qf4 d5
22. Ra6 Bf8 23. Nh2 Qc8 24. Ra1 Bg7 25. Nf3 Qb7 26. Re1 Bf7 27. Rxe8+ Rxe8 28.
Qa4 Re7 29. Qd1 Be6 30. Qc2 Bg4 31. Ra4 Bxf3 32. gxf3 f5 33. Kg2 Qb5 34. Ra3 Be5
35. Bg5 Rb7 36. Ra2 Kg7 37. Ne2 h6 38. Bf4 Bxf4 39. Nxf4 Qc4 40. Qe2 Qxa2 41.
Qe5+ Kh7 42. Qe6 Rg7 43. Nxd5 Kh8 44. Qe8+ Rg8 45. Qe5+ Rg7 46. Qe8+ 1/2-1/2

[Event "11th European Senior"]
[Site "Courmayeur ITA"]
[Date "2011.04.14"]
[Round "9.35"]
[White "Renzini, Lorenzo"]
[Black "Cavatorta, Fosco"]
[Result "1-0"]
[WhiteElo "1747"]
[BlackElo "1914"]
[WhiteFideId "821985"]
[BlackFideId "809195"]
[EventDate "2011.04.06"]

1. c4 d6 2. g3 e5 3. Bg2 f5 4. e3 Nf6 5. Ne2 c6 6. Nbc3 Be7 7. O-O O-O 8. f4 Na6
9. a3 Be6 10. b3 Nc7 11. Bb2 Rb8 12. Na2 exf4 13. Nxf4 Bf7 14. Qc2 g6 15. Rac1
d5 16. cxd5 Nfxd5 17. Nc3 Nxf4 18. Rxf4 Ne6 19. Rff1 Nc5 20. Ne2 Nxb3 21. Rcd1
Nc5 22. Qc3 Bf6 23. Qxf6 Qxf6 24. Bxf6 Bc4 25. Be7 Bxe2 26. Bxc5 Rfd8 27. Kf2
Bxf1 28. Bxf1 b6 29. Bc4+ Kg7 30. Bd4+ Kf8 31. Ba6 Rd5 32. Bc4 Ra5 33. Bb2 Rc5
34. d3 Rd8 35. Ke2 Ra5 36. d4 b5 37. Bb3 Ra6 38. Bc3 Ke7 39. Bb4+ Kf6 40. Bc5 h5
41. h4 Re8 42. Kf3 g5 43. hxg5+ Kxg5 44. Rh1 b4 45. Bxb4 Rb6 46. Bf7 Rh8 47.
Be7+ Kh6 48. Bf6 1-0

[Event "11th European Senior"]
[Site "Courmayeur ITA"]
[Date "2011.04.14"]
[Round "9.36"]
[White "Frank, Albert"]
[Black "Gonzalo Gonzalez, Francisco"]
[Result "1-0"]
[WhiteElo "1909"]
[BlackElo "1740"]
[WhiteFideId "200948"]
[BlackFideId "2252171"]
[EventDate "2011.04.06"]

1. e4 c5 2. Nf3 Nc6 3. Bb5 d6 4. O-O Bd7 5. Re1 Nf6 6. c3 Qb6 7. Na3 a6 8. Bxc6
Bxc6 9. e5 dxe5 10. Nc4 Qc7 11. Ncxe5 Bd5 12. d4 cxd4 13. cxd4 h6 14. Bf4 g5 15.
Nxf7 Qxf4 16. Nxh8 Be4 17. Qc1 Qg4 18. Rxe4 Qxe4 19. Qb1 Qe2 20. Qg6+ Kd7 21.
Rc1 Rc8 22. Re1 Qxb2 23. Ne5+ Kc7 24. Qf7 Qxd4 25. Nhg6 Qd2 26. Nf3 Qd8 27. Nxf8
Qxf8 28. Rxe7+ 1-0

[Event "11th European Senior"]
[Site "Courmayeur ITA"]
[Date "2011.04.14"]
[Round "9.37"]
[White "Bardin, Christian"]
[Black "Ortega Morales, Pedro"]
[Result "0-1"]
[WhiteElo "1765"]
[BlackElo "1848"]
[WhiteFideId "638749"]
[BlackFideId "2253429"]
[EventDate "2011.04.06"]

1. e4 e5 2. Nf3 Nc6 3. Bb5 Nf6 4. O-O Nxe4 5. d4 Nd6 6. Bxc6 dxc6 7. Nxe5 Be7 8.
c3 O-O 9. Re1 Be6 10. Nd2 Bd5 11. c4 Be6 12. b3 Qc8 13. h3 Bf6 14. Ndf3 h6 15.
Ba3 Rd8 16. Qe2 Re8 17. Rad1 Bf5 18. Qf1 Bh7 19. Ng4 Qf5 20. Nxf6+ Qxf6 21. Ne5
Qf5 22. Rd2 f6 23. Bxd6 cxd6 24. Nf3 Kf7 25. Re3 Rxe3 26. fxe3 Re8 27. Qf2 Qb1+
28. Kh2 Qe4 29. Re2 Kg8 30. Nd2 Qd3 31. Nf3 f5 32. g3 g5 33. c5 dxc5 34. dxc5
Qc3 35. Rc2 Qxe3 36. Qxe3 Rxe3 37. Rf2 Kg7 38. Nd4 Re5 39. Kg2 Kf6 40. b4 Rd5
41. Nc2 Bg8 42. a3 Rd3 43. Rf3 Bd5 0-1